[Event "San Sebastian KO GpA"]
[Site "San Sebastian"]
[Date "2012.01.02"]
[Round "4"]
[White "Naiditsch, Arkadij"]
[Black "Volokitin, Andrei"]
[Result "0-1"]
[WhiteElo "2712"]
[BlackElo "2695"]
[Annotator "Saunders,J"]
[PlyCount "60"]
[EventDate "2011.12.28"]
[EventType "k.o."]
[EventRounds "7"]
[EventCountry "ESP"]
[SourceTitle "CBM 146 Extra"]
[Source "ChessBase"]
[SourceDate "2012.02.29"]
[SourceVersion "1"]
[SourceVersionDate "2012.02.29"]
[SourceQuality "1"]

1. Nf3 Nf6 2. c4 g6 3. Nc3 d5 4. cxd5 Nxd5 5. h4 {No prizes for guessing that
Bent Larsen pioneered this. Vallejo Pons has tried it too.} Bg7 6. h5 Nc6 7. d4
Bg4 8. h6 {The h-pawn advance has the feel of a Kriegspiel plan, though it has
been played by Nepomniachtchi against Rodshtein in last year's Euro Club Cup.}
Bf6 9. e4 $2 {Weakening the d4 pawn after...} Ndb4 10. d5 Nd4 $1 11. Bd3 ({
Note that the knee-jerk cheapo-seeking} 11. Qa4+ {backfires horribly after} Bd7
$1 {when} 12. Qxb4 {is met by} Nc2+ {, winning the queen.}) 11... c6 12. Bb1 {
White's opening has been a disaster.} cxd5 13. e5 {[diag]} Bxe5 $5 {It's quite
hard to get your head round the tactics involved here but this enterprising
piece for pawns sacrifice has the blessing of analysis engines.} 14. Qa4+ b5 $1
15. Qxb4 (15. Nxb5 Nxf3+ 16. gxf3 Bd7 17. Qxb4 Qb8 18. a4 a6 {and Black emerge
with an extra pawn.}) 15... Bxf3 16. gxf3 Rc8 (16... a5 17. Qc5 Rc8 18. Qa7 (
18. Qxd5 $4 Qxd5 19. Nxd5 Rxc1+ {wins}) 18... b4 19. Ne2 Nxf3+ {is another
possibility for Black.}) 17. Ne2 $2 ({The threat was 17...a5 but the best way
to anticipate it was to play} 17. Qa3 a5 {and only now} 18. Ne2 Rc2 19. Bd2
Rxb2 20. Nxd4 Bxd4 21. Be3 {when White may be OK.}) 17... Rc2 $1 18. Kd1 ({
A very unusual configuration. If} 18. Nxd4 Rxc1+ 19. Ke2 Rxh1 {wins, so White
is rather stymied here.}) 18... a5 19. Qa3 Rxe2 20. f4 (20. Be3 Rxe3 21. Qxe3
Bf6 {leaves Black with more than adequate compensation for the exchange.})
20... Qd7 $1 21. Rg1 {White cannot allow the queen to come to g4 where it
would unleash a gruesome discovered check with the rook.} Bf6 22. Be3 Rxb2 $1
23. Qxb2 Nf3 24. Qb3 Nxg1 25. Bd3 O-O (25... Bxa1 $4 26. Bxb5 {pinning the
queen.}) 26. Rc1 Qg4+ 27. Kc2 Ne2 28. Re1 Rc8+ 29. Kb1 Nc3+ 30. Kc2 a4 0-1

[Event "Monte Carlo FIDE GP (Women)"]
[Site "Monte Carlo"]
[Date "2015.10.06"]
[Round "4"]
[White "Zhukova, Natalia"]
[Black "Muzychuk, Mariya"]
[Result "0-1"]
[WhiteElo "2482"]
[BlackElo "2528"]
[Annotator "Schulz,Andre"]
[PlyCount "114"]
[EventDate "2015.10.03"]
[EventType "tourn"]
[EventRounds "11"]
[EventCountry "MNC"]
[EventCategory "11"]
[SourceTitle "CBM 169"]
[Source "ChessBase"]
[SourceDate "2015.11.10"]
[SourceVersion "1"]
[SourceVersionDate "2015.11.10"]
[SourceQuality "1"]

1. Nf3 Nf6 2. c4 g6 3. Nc3 d5 4. cxd5 Nxd5 5. Qa4+ Nc6 6. Ne5 Qd6 7. Nxc6 Qxc6
8. Qxc6+ bxc6 9. b3 Nxc3 10. Bb2 Ne4 11. Bxh8 f6 12. h4 Bh6 13. e3 Nd6 14. Bd3
Bf5 15. Bxf5 gxf5 16. Bxf6 exf6 17. Rc1 Kd7 18. Ke2 a5 19. Rc2 f4 20. Rhc1 Ra6
21. Rc5 f5 22. Kf3 fxe3 23. dxe3 Bg7 24. Rd1 Ke6 25. Rdc1 Kd7 26. g4 fxg4+ 27.
Kxg4 a4 28. Kf3 axb3 29. axb3 Rb6 30. Rg1 Ne8 31. Rcg5 Bf8 32. Rf5 Ke7 33. Rg4
Nd6 34. Rh5 h6 35. b4 Rb5 36. Rc5 Rxc5 37. bxc5 Nb7 38. Rg6 Nxc5 39. Rxc6 Ne6
40. Ke4 Kd7 41. Kd5 Bd6 42. Rc1 Ng7 43. Rg1 Nf5 44. h5 Ne7+ 45. Ke4 Ke6 46. f4
Bc5 47. Kf3 Nf5 48. Rc1 Bb6 49. e4 Nd4+ 50. Kg4 c5 51. Ra1 Kd7 52. Ra6 Kc6 53.
f5 c4 54. f6 c3 55. f7 Ne6 {[#] Nach langem Kampf ist diese Position
entstanden.} 56. Kf5 Nf8 57. Kf6 $2 {Läuft in die Diagonale a1-f6.} ({Richtig
war zum Beispiel} 57. Ra2 Kb5 58. Kf6 Bc5 59. e5 Kc4 60. e6 Bd4+ 61. Kf5 Bc5
$11) 57... c2 {Und aus.} (57... c2 58. Ra1 Bd4+) 0-1

[Event "Canadian op"]
[Site "Edmonton"]
[Date "2009.07.17"]
[Round "7"]
[White "Kovalyov, Anton"]
[Black "Ni, Hua"]
[Result "1/2-1/2"]
[WhiteElo "2557"]
[BlackElo "2701"]
[Annotator "Shabalov,A"]
[PlyCount "70"]
[EventDate "2009.07.11"]
[EventType "swiss"]
[EventRounds "9"]
[EventCountry "CAN"]
[SourceTitle "CBM 132 Extra"]
[Source "ChessBase"]
[SourceDate "2009.11.03"]
[SourceVersion "1"]
[SourceVersionDate "2009.11.03"]
[SourceQuality "1"]

1. Nf3 Nf6 2. c4 g6 3. Nc3 d5 4. Qa4+ Bd7 5. Qb3 dxc4 6. Qxc4 a6 $1 7. Qb3 {
Anton played this line before.} ({The main move} 7. d4 {led White to some
serious troubles in} b5 8. Qb3 c5 9. dxc5 Bg7 10. e4 O-O 11. Be2 Be6 12. Qc2
Nbd7 13. Be3 Rc8 14. c6 Rxc6 15. Nd4 Rd6 16. Rd1 Ng4 17. Bxg4 Bxg4 18. f3 Ne5
19. Bf2 Nc4 20. Nc6 Bxc3+ 21. bxc3 Qc7 22. Nb4 Be6 23. O-O Rfd8 24. Bd4 a5 25.
Nd3 b4 26. Nf4 Qd7 27. Rc1 Na3 28. Qf2 Nb5 29. Bc5 Rd2 30. Qh4 f6 31. cxb4 axb4
32. Qh6 Rxa2 33. Nxg6 hxg6 34. Qxg6+ Kh8 35. Qh6+ {1/2 Nakamura,H (2701)
-Kamsky,G (2720)/Saint Louis USA}) 7... b5 (7... Bg7 8. g3 b5 9. a4 bxa4 10.
Nxa4 O-O 11. Bg2 Bc6 12. O-O Nbd7 13. d3 Rb8 14. Qc2 Bd5 15. Nd2 Bxg2 16. Kxg2
c5 17. Nc4 Qc7 18. Bf4 e5 19. Be3 Nd5 20. Nc3 Nb4 21. Qd2 f5 22. Bh6 Bxh6 23.
Qxh6 Nf6 24. h3 Nc2 25. Rac1 Nd4 26. Ra1 Rfe8 27. Kh2 Re6 28. Qd2 Rbe8 29. Qd1
Kh8 30. e3 Nb5 31. Qe2 f4 32. Ne4 Nxe4 33. dxe4 Rf8 34. Qg4 Ref6 35. Kg1 fxg3
36. Qxg3 Re6 37. Rad1 Qb7 38. Rd5 Rfe8 39. Rfd1 Nc7 40. Nd6 {1-0 Kovalyov,A 
(2557) -Zinchenko,Y (2527)/ICC INT}) 8. a4 Be6 9. Qa3 b4 $5 10. Qxb4 Nc6 11.
Qc5 {White should look at} (11. Qh4 {for possible improvement.}) 11... Qd6 12.
Qxd6 exd6 {This endgame is known to be better for Black.} 13. g3 Nb4 14. Nd4
Bd7 15. Bg2 Rb8 16. O-O Bg7 17. Rb1 O-O 18. b3 $6 {White's defencive strategy 
(18.b3, 20.Ne1) doesn't look very convincing. Black kept his position better
at all times, but probably was not decisive enough to win it.} c5 19. Nf3 Rfe8
20. Ne1 $6 {the original game saw} (20. Bb2 Be6 21. d4 Bxb3 22. dxc5 dxc5 23.
Nd2 Bc2 24. Rbc1 Nd7 25. a5 c4 26. Ba1 Nc5 27. Na2 Bb3 28. Nxb4 Rxb4 29. Bxg7
Kxg7 30. e3 Rd8 31. Nf3 Ba4 32. Ne5 Bb5 33. Bc6 Nb3 34. Rc3 Nxa5 35. Bxb5 axb5
36. Ra1 Rd5 37. Nxg6 hxg6 38. Rxa5 Rb1+ 39. Kg2 b4 {0-1 Avrukh,B (2644)
-Svidler,P (2728)/Germany 0-1 Avrukh,B (2644)-Svidler,P (2728)/Germany}) 20...
Nc6 (20... Bf5 $1 21. d3 Ng4 {would win a pawn back while the remaining white
pawns are still good targets.}) 21. Nc2 Nd4 22. Nxd4 cxd4 23. Nd5 Bxa4 {
Black correctly asseses the resulting position as better for him, but} (23...
Bf5 24. d3 Rxe2 25. Rd1 Ng4 $17 {would be even stronger}) 24. Ra1 Bxb3 25.
Nxf6+ Bxf6 26. Rxa6 Bc4 27. Rxd6 Bxe2 28. Re1 Kg7 29. Bc6 Re7 30. Ba3 Bg4 31.
Be4 {#} Rc7 $6 {There was a bunch of interesting possibilities on the previous
moves for Black, but he simply got tired exploring them all and allows White
to liquidate into a drawn endgame.} 32. Rxf6 Kxf6 33. Bd6 Rbc8 34. Bxc7 Rxc7
35. f3 Be6 1/2-1/2

[Event "RUS-ch 56th"]
[Site "Krasnoyarsk"]
[Date "2003.09.04"]
[Round "2"]
[White "Popov, Valerij"]
[Black "Svidler, Peter"]
[Result "0-1"]
[WhiteElo "2573"]
[BlackElo "2723"]
[Annotator "Stohl,I"]
[PlyCount "44"]
[EventDate "2003.09.03"]
[EventType "swiss"]
[EventRounds "9"]
[EventCountry "RUS"]
[SourceTitle "CBM 098"]
[Source "ChessBase"]
[SourceDate "2004.02.03"]
[SourceVersion "1"]
[SourceVersionDate "2004.02.03"]
[SourceQuality "1"]

1. Nf3 Nf6 2. c4 g6 3. Nc3 d5 4. Qa4+ {One of the recent tries to avoid a
theoretical clash in the main lines of the Grunfeld. This move originated
already in the 70-ties, but became popular due to some recent efforts by
Krasenkov. Also Kramnik, Ivanchuk, Gelfand ao. gave it a try.} ({The former
main anti-Grunfeld try was} 4. cxd5 Nxd5 5. Qa4+ {However,practice has shown
White doesn't achieve too much after} Bd7 (5... c6 $6 6. Qd4 $14 (6. Nxd5 Qxd5
7. e4 Qd8 8. d4 $36)) 6. Qh4 Nxc3 7. dxc3 (7. bxc3 $5 c5 8. Rb1 b6 9. d4 $13)
7... Nc6 $1 8. Qg3 (8. e4 e5 9. Bg5 Be7 $11) 8... f6 9. e4 e5 {[%cal Yf8c5] /
\Bc5= The Bf8 ignores the intended fianchetto and finds play on different
diagonals.}) 4... Bd7 (4... Nc6 5. Nd4 Qd7 6. cxd5 Nxd5 7. Nxc6 $36) (4... c6
$6 5. cxd5 Nxd5 $14 {-4.cd5 Nd5 5.Qa4 c6?!}) 5. Qb3 dxc4 6. Qxc4 {What is the
point of losing a tempo to force Black to play Bd7? The answer is the B is not
really too well placed here and limits Black's options in some of the lines of
the Grunfeld with 5.Qb3.} (6. Qxb7 $6 Nc6 7. Nb5 Nd5 $36 {[%csl Rb7] ףb7})
6... a6 $5 {[%csl Rc4][%cal Yb7b5,Yd7e6] /\b5,Be6,ףc4 Svidler's favourite
move, he intends to make life difficult for White's Q.} (6... Nc6 7. d4 (7. e4
e5 $5 8. d4 exd4 9. Nxd4 Ne5 $1 10. Qe2 Bg7 11. Nf3 Qe7 12. Bg5 O-O-O 13. Nd5
Qd6 14. Nxe5 Qxe5 15. f4 Qd6 16. Nc3 Bg4 17. Qc2 Rhe8 18. e5 Rxe5+ 19. fxe5
Qxe5+ 20. Be2 Qxg5 21. O-O Rd2 22. Bxg4+ Nxg4 23. Qe4 Qh4 24. h3 Bd4+ 25. Kh1
Qxh3+ $1 {0-1,Gerzhoy,L-Sutovsky,E/Tel Aviv/2001/}) 7... Bg7 8. e4 O-O 9. e5
Be6 10. exf6 Bxc4 11. fxg7 Kxg7 12. Bxc4 Nxd4 13. Nxd4 Qxd4 14. Be2 {[%csl Gc1,
Ge2] An interesting position. Although Black is doing well materially, he
often has to give an exchange to fight successfully against White's ^^. All in
all White is somewhat better.} Rad8 15. O-O Qe5 16. Be3 Rd7 17. Rfe1 Qa5 18. a3
Rfd8 19. Bg4 f5 20. Bf3 e5 21. Bxb7 $1 $16 (21. Bg5 e4 $1 $44 {Kramnik,
V-Ivanchuk,V/Belgrade/1997/})) ({The most natural move is} 6... Bg7 {The most
dangerous is the modern} 7. e4 $1 {here Black is still coping with problems:} (
{White first used to play the calm} 7. g3 O-O 8. Bg2 {, but after} Ne8 $1 9. d4
Nd6 10. Qd3 Na6 $1 {[%cal Rc7c5] /\c5= Black has no problems whatsoever.}) ({
Then came the attempts with} 7. d4 O-O 8. e4 {/\e5 Black misses the d7-square
for his N and transposing to the Smyslov variation is not to everyone's taste.
The best antidote is} b5 $1 (8... Bg4 {D98-99,Smyslov}) 9. Nxb5 Nxe4 10. Qxc7 (
10. Nxc7 Nc6 $1 11. Nxa8 Qa5+ $40) 10... Nc6 11. Bd3 Nb4 12. Bxe4 Bxb5 13. Qxd8
Raxd8 14. Bd2 Nd3+ 15. Bxd3 Bxd3 16. Bc3 Be4 17. Rd1 Bxf3 18. gxf3 Rd5 (18...
Rd5 {a kompenzacia cierneho pohodlne staci k vyrovnaniu, Giorgadze-Stohl,
Senec 1998.}) 19. Ke2 Rfd8 20. Rd2 e6 21. Rhd1 Rh5 22. Rh1 Rhd5 $11 23. Rhd1 {
1/2,Giorgadze,G-Stohl,I/Senec/1998/}) 7... O-O (7... Bc6 8. d3 O-O 9. Be2 Nbd7
10. O-O (10. e5 $5 $14) (10. Bf4 Nh5 11. Be3 e5 12. g3 Nhf6 13. O-O Ne8 $6 14.
b4 a6 15. a4 Nb6 16. Qb3 Bd7 17. Rfd1 Be6 18. Qc2 Qe7 19. Ng5 Rd8 20. Nxe6 Qxe6
21. b5 axb5 22. Nxb5 Na8 23. Rab1 c6 24. Na3 $16 {Piket,J-Bacrot,E/Escaldes zt/
1998/}) 10... e5 11. b4 $1 a6 12. a4 Nb6 13. Qb3 Re8 14. Be3 Nh5 15. Ng5 Qf6
16. Bxh5 gxh5 17. b5 axb5 18. Nxb5 Re7 19. Nxc7 Rxc7 20. Bxb6 Rd7 21. Nf3 $16 {
Khalifman,A-Jansa,V/BL 0203/2002/}) 8. e5 Ng4 (8... Ne8 9. d4 $14 {is rather
passive}) (8... Be6 9. Qh4 (9. exf6 Bxc4 10. fxg7 $36) 9... Nd5 10. Ng5 h6 11.
Nxe6 fxe6 12. Qe4 Nxc3 13. dxc3 Qd5 14. Qxg6 Qxe5+ 15. Be3 $16 {Adamski,
J-Vujic,B/Valjevo/1984/}) 9. d4 Be6 10. Qb5 $5 (10. d5 Bf5 11. Bf4 Nd7 12. Qe2
f6 $1 13. e6 Nde5 $13 {<=>}) 10... Qc8 11. h3 Nh6 12. Bf4 c6 (12... Nd7 13. Qe2
Nb6 14. Qd2 Nf5 15. g4 Bd5 16. Nxd5 Nxd5 17. Bc4 Nxf4 18. Qxf4 Nh6 19. d5 Kh8
20. O-O f6 21. e6 $16 {(),Krasenkov,M-Jansa,V/BL 0203/2002/}) 13. Qd3 f6 14.
Be2 Nf7 15. Qe3 {Greenfeld,A-Serebro,A/ISR-chT/2002/}) 7. d4 $5 {Central
expansion is a necessity, otherwise Black easily solves his problems with b5
and c5.} (7. g3 b5 8. Qb3 c5 $11) ({The alternative is} 7. e4 b5 8. Qe2 (8. Qb3
c5 9. e5 Be6 $132) 8... Nc6 $5 (8... c5 9. e5 Nh5 10. Ne4 Nc6 11. Nxc5 Bf5 12.
d3 e6 13. Ne4 Bb4+ 14. Bd2 Nf4 15. Qe3 Nd5 16. Qh6 Bf8 17. Nd6+ Qxd6 18. exd6
Bxh6 19. Bxh6 f6 20. h3 g5 21. g4 Bg6 22. h4 $14 {/~~,Gelfand,B-Svidler,P/
Haifa act/2000/}) 9. e5 Nb4 10. exf6 Nc2+ 11. Kd1 Nxa1 12. b3 Be6 (12... Bf5 $2
13. Bb2 Nc2 14. g4 Bxg4 15. Kxc2 e6 $2 16. Qxb5+ {1-0,Krasenkov,M-Mikhalevski,
V/EU-ch Saint Vincent/2000/}) 13. Bb2 Nxb3 $13) 7... b5 {[%csl Rc5] Logical,
but also quite double-edged-if White manages to finish his development without
allowing an effective c5 he gets play against the ׫.} (7... Be6 8. Qa4+ b5 9.
Qd1 {[%csl Gd4,Ge4][%cal Ye2e4] /\e4+/=}) 8. Qd3 $146 {Here White doesn't have
to lose another tempo with his Q, but it stands less harmoniously, than on b3
or c2.} (8. Qb3 Be6 (8... Nc6 $6 9. Bf4 Bg7 10. e3 O-O 11. Be2 Be6 12. Qd1 Nb4
13. e4 $16 {Lautier,J-Bacrot,E/Enghien les Bains/1999/ is exactly the type of
unpleasant position Black must avoid}) 9. Qc2 c5 $5 10. dxc5 Bg7 11. g3 $6 (11.
Bf4 $142) (11. e4 $5 {in both cases Black still must prove his compensation})
11... Nc6 12. Bg2 Nb4 13. Qd1 Qxd1+ 14. Kxd1 O-O 15. Bd2 Rac8 16. Nd4 (16. Nxb5
axb5 17. Bxb4 Ne4 $40) (16. Ng5 Bf5 17. a3 $5 $13) 16... Ng4 $1 17. Nxe6 Nxf2+
18. Kc1 fxe6 19. Rf1 Rxc5 20. Kb1 Rcf5 21. a4 $6 Ne4 $17 {Van Wely,L-Svidler,P/
Warsaw act/1999/}) 8... Bg7 9. Bf4 (9. e4 c5 $5 (9... O-O 10. e5 $14) (9... Bg4
10. Ne5 Be6 11. d5 Bc8 12. Be3 $14 {[%csl Gd5,Ge4] [+]}) 10. dxc5 (10. e5 Ng4
$132 11. Qe4 cxd4 12. Qxa8 dxc3 $44) 10... Qc7 (10... b4 $6 11. Nd5 $16) 11.
Be3 b4 $13) 9... O-O 10. Rc1 $6 {Very provocative, as Black will play the c5
break at any cost and White will fall behind in development even more. More
logical were moves with the e-pawn:} (10. e4 c5 11. e5 Bf5 $5 12. Qd2 (12. exf6
Bxd3 13. fxg7 Re8 14. Bxd3 e5 $1 $36) 12... Ne4 13. Nxe4 Bxe4 14. dxc5 Nc6 $44)
({Modest, but relatively safe is} 10. e3 c5 11. dxc5 b4 12. Ne2 Qa5 13. Ned4
Qxc5 14. Be2 $11) 10... c5 $1 $32 {[%mdl 512] Black relies on his better
development and opens the position.} 11. dxc5 b4 12. Nd1 $2 {Too passive and
maybe already the decisive mistake, now Svidler will seemingly effortlessly
increase his pressure. Centralization was necessary:} (12. Ne4 Nxe4 13. Qxe4
Nc6 14. Ne5 Nxe5 15. Bxe5 Bc6 $5 (15... Bxe5 16. Qxe5 Qa5 17. e3 Be6 18. Bc4
b3+ 19. Qc3 Qxc3+ 20. Rxc3 bxa2 21. Kd2 $13) 16. Qf4 (16. Qxc6 Bxe5 $40) 16...
Bxe5 17. Qxe5 Qa5 {and White still hasn't fully solved his problems, e.g.,} 18.
e4 b3+ 19. Qc3 Qxc3+ 20. Rxc3 bxa2 21. Ra3 Bxe4 22. Rxa2 Rfb8 23. f3 Bd5 24.
Rxa6 Rxb2 $15 {_|_ and Black will have an extra P.}) (12. Nd5 $142 $5 Nxd5 13.
Qxd5 Nc6 14. Ne5 $13 {leads to the above line with an extra tempo for White,
moreover exchanges usually help the defence.}) 12... Nc6 $1 {[%cal Rd8a5,Rd7e6,
Rf8d8] /\Qa5,Be6,Rfd8} (12... Qa5 $5 $36 {was also possible, but Svidler
realizes he can afford to be patient.}) 13. Nd4 {Tactics work for Black with
his superior development:} (13. e4 Qa5 14. e5 Bf5 $36) (13. Ne5 Nxe5 14. Bxe5
Qa5 $1 $36 {/\} 15. Bxf6 $6 Bb5 16. Bxg7 Bxd3 17. Bxf8 b3+ 18. Nc3 bxa2 19. Ra1
Qb4 $1 20. Rxa2 Bb1 $1 $19) 13... Qa5 14. Nb3 Qa4 $1 {Here the Q is
exceptionally well placed, although right now it doesn't have a single move.
The Pa2 was still taboo, but Black will quickly prepare Qa2.} (14... Qxa2 $2
15. Ra1 $18) 15. e4 Be6 16. Qc2 $6 (16. Be2 Qxa2 17. Nd4 Nxd4 18. Qxd4 Nh5 19.
Be5 Rfd8 $19) ({White must lose another tempo, but as the Q ends on b1 anyway,
better was the immediate} 16. Qb1 $5 Rfd8 $1 17. Be2 (17. Bc4 Bxc4 18. Rxc4 Nh5
19. Be3 Qb5 $40 {[%csl Re1] עe1}) 17... Bxb3 18. axb3 Qxb3 19. O-O Rd4 $17)
16... Rfd8 $1 {[%mdl 2048] Piece play and coordination is more important, than
material.} (16... Qxa2 $143 $6 17. Bc4 $11) 17. Bg3 {White would like to
develop his B, but this fails tactically:} (17. Bc4 Bxc4 18. Qxc4 Nh5 19. Bc7 (
19. Be3 $2 Ne5 $19) 19... Rd7 20. g4 Rxc7 21. gxh5 Ne5 22. Qd5 Rac8 {[%cal
Rc7d7] /\Rd7-+}) (17. Be2 Nh5 $1 18. Bxh5 Qxa2 19. Nd2 gxh5 $17 {/-+,/\} 20.
O-O $2 Nd4 $19) (17. Nd4 $2 b3 $1 18. Nxb3 Nb4 {[%cal Rb4a2] /\Na2-+}) 17...
Ng4 $1 {[%cal Ra4a2] /\Qa2 Taking on a2 still requires preparation.} (17...
Qxa2 $6 18. Bc4 $11) 18. Qb1 (18. Ra1 Bxb3 $5 (18... Na5 19. Qc1 $1 Nxb3 20.
axb3 Qc6 21. Qc2 $15) (18... Bh6 $5) 19. Qxb3 Qa5 20. Bd3 Nd4 21. Qc4 b3+ $40 {
and White's K in the [+] can't survive for too long.}) 18... Bh6 19. Rc2 (19.
f4 $142 {was somewhat better, but still insufficient after} Bxb3 20. axb3 Qxb3
21. Be2 (21. Bc4 $2 Rxd1+ $19) (21. Qc2 $2 Rxd1+ $1 22. Qxd1 Qe3+ 23. Be2 Bxf4
$19) 21... Ne3 22. Kf2 g5 $1 $17 (22... e5 $40)) 19... Na5 $1 $19 (19... Nd4 $6
20. Nxd4 Bxa2 21. b3 Bxb1 22. bxa4 Rxd4 23. Rb2 Rxe4+ 24. Be2 Bd3 25. f3 $15)
20. f4 (20. Nxa5 Bxa2 $19) (20. Bc7 Nxb3 21. Bxd8 Rxd8 $19) (20. c6 Nxb3 21. c7
Nd2 (21... Bd2+ $19) 22. b3 (22. Qc1 Nxf1 23. cxd8=Q+ Rxd8 24. b3 Qd7 $19)
22... Qd7 $1 23. cxd8=Q+ Rxd8 24. Qa1 Nf3+ $1 25. gxf3 Bd2+ 26. Ke2 Qd3#) 20...
Nxb3 21. axb3 Bxb3 22. Rc1 Qd7 (22... Qd7 23. Be2 $8 Qd2+ 24. Kf1 Bxf4 $19) 0-1

[Event "Kecskemet Toth Memorial-07"]
[Site "Kecskemet"]
[Date "1979.06.13"]
[Round "12"]
[White "Suba, Mihai"]
[Black "Rigo, Janos"]
[Result "1-0"]
[WhiteElo "2435"]
[BlackElo "2385"]
[Annotator "Suba,M"]
[PlyCount "67"]
[EventDate "1979.06.02"]
[EventType "tourn"]
[EventRounds "15"]
[EventCountry "HUN"]
[EventCategory "9"]
[SourceTitle "EXT 1999"]
[Source "ChessBase"]
[SourceDate "1998.11.16"]
[SourceVersion "1"]
[SourceVersionDate "1998.11.16"]
[SourceQuality "1"]

1. c4 Nf6 2. Nc3 g6 3. g3 Bg7 4. Bg2 O-O 5. d3 c6 6. e4 d6 (6... e5 7. Nge2 Na6
8. O-O Nc7 9. f4 $14 {Tompa,J-Portisch,F Kecskemet, 1979}) 7. Nge2 a5 8. O-O
Na6 9. h3 Rb8 10. Be3 Bd7 (10... b5 11. cxb5 cxb5 12. Rc1 b4 13. Na4 $13) 11.
d4 b5 12. e5 Ne8 13. cxb5 cxb5 14. f4 b4 15. Ne4 d5 $2 (15... Bb5 $142) 16. Ng5
$16 e6 $2 17. g4 f6 18. Nf3 f5 19. Ng3 a4 20. gxf5 exf5 21. h4 Nec7 22. h5 a3
23. hxg6 hxg6 24. b3 Nb5 25. Ne2 Nac7 26. Qe1 Ne6 27. Qg3 Be8 28. Rf2 Rc8 29.
Nh4 Kh7 $2 (29... Rc6 $1 30. Nxg6 Bxg6 31. Qxg6 Nexd4) 30. Bf3 g5 (30... Bh6
31. Rh2 g5 32. Nxf5 $18) 31. Nxf5 $1 Kg8 32. Bxd5 $1 Nbc7 33. Nxg7 Kxg7 34.
Bxe6 1-0

[Event "Linares Anibal op 01st"]
[Site "Linares"]
[Date "1994.??.??"]
[Round "7"]
[White "Suba, Mihai"]
[Black "Svidler, Peter"]
[Result "0-1"]
[WhiteElo "2525"]
[BlackElo "2505"]
[Annotator "Svidler,P"]
[PlyCount "86"]
[EventDate "1994.01.??"]
[EventType "swiss"]
[EventRounds "9"]
[EventCountry "ESP"]
[SourceTitle "CBM 039"]
[Source "ChessBase"]
[SourceDate "1994.04.01"]
[SourceVersion "1"]
[SourceVersionDate "1994.04.01"]
[SourceQuality "1"]

1. Nf3 Nf6 2. c4 g6 3. Nc3 d5 4. cxd5 Nxd5 5. e4 Nxc3 6. dxc3 Qxd1+ 7. Kxd1 f6
8. Be3 e5 9. Nd2 Be6 10. Bc4 Kf7 11. Kc2 Nd7 12. Rhd1 Be7 (12... Bc5 $2 13. Nb3
Bd6 $16) 13. a4 Rhd8 (13... a6 14. Bxe6+ Kxe6 15. Nb3 b6 16. Rd2 $14) (13... a5
14. Bxe6+ Kxe6 15. Nc4 $14) 14. b4 (14. Bxe6+ Kxe6 15. Nb3 b6 16. a5 c6 $11 {
/\ Bd6-c7, Nf8}) 14... a5 $6 15. Kb3 c6 (15... axb4 16. cxb4 Nf8 17. Bxe6+ Nxe6
18. Nf3 $14) 16. Bxe6+ Kxe6 17. Nc4 (17. g4 $1 axb4 18. cxb4 b5 19. axb5 cxb5
20. Rxa8 (20. Nf3 Ra4 21. Rxa4 bxa4+ 22. Kxa4 Ra8+ 23. Kb3 Rb8 $11 24. Bd2 $140
Nc5+) 20... Rxa8 21. Nb1 Nb8 22. Nc3 Na6 23. Nd5 $16) 17... axb4 18. cxb4 f5 (
18... b5 19. axb5 cxb5 20. Na3 $1 $16) 19. exf5+ (19. f3 $1 fxe4 20. fxe4 Nf6
21. Bb6 Rxd1 22. Rxd1 Nxe4 23. Re1 $1 Kd5 (23... Kf5 $2 24. g4+ Kf4 25. Rf1+
Kxg4 26. Nxe5+ Kh3 27. Rf7 $16) 24. Bg1 $5 (24. Rd1+ $11) 24... Bd8 $44) 19...
gxf5 20. Re1 e4 21. Rad1 Nf6 22. Na5 $6 (22. Bb6 Rxd1 23. Rxd1 Nd5 24. Bc5 $11)
22... Nd5 23. Nxb7 (23. Bd2 Kf7 $1 $15 24. f3 $140 e3 $1) 23... Rdb8 24. Nc5+ (
24. Rxd5 cxd5 25. Nc5+ Bxc5 26. Bxc5 Rc8 $1 $15) 24... Bxc5 $1 (24... Kf7 25.
Rxd5 $1 cxd5 26. Rd1 $36) 25. Bxc5 Nxb4 $1 26. Bxb4 $8 c5 27. Kc4 Rxb4+ 28.
Kxc5 Rbxa4 $17 29. Rd6+ Ke7 $6 (29... Ke5 30. Rd5+ Kf4 $17) 30. Rb6 R8a5+ 31.
Kc6 $6 (31. Rb5 Kf6 (31... Rxb5+ 32. Kxb5 Ra2 33. f3 Rxg2 34. fxe4 f4 35. Rf1
$1 $11) 32. Rxa5 Rxa5+ 33. Kd4 Ra3 34. Rd1 Kg5 $15) 31... Ke6 32. f3 $2 $138
Ke5 $17 33. fxe4 fxe4 34. g3 Ra6 35. Re2 Rxb6+ 36. Kxb6 Rc4 $19 37. Kb5 Rc7 38.
Kb4 Kd4 39. Rd2+ Ke3 40. Rd6 Ke2 41. g4 e3 42. Kb3 (42. g5 Re7 $1 $19 {/\ Kf1,
e2-e1Q}) 42... Kf3 $1 (42... Rf7 43. g5 Kf3 $140 $2 44. Rf6+ $11) 43. Re6 (43.
g5 Re7 $19) 43... e2 (43... e2 44. g5 (44. Kb2 Rf7 $19) (44. Rf6+ Kxg4 $19)
44... Rc1 $19) 0-1